[Event "AUTO-OPEN-3606"]
[Site "http://www.queenalice.com/game.php?id=1406819"]
[Date "2016.1.30"]
[Round "1"]
[White "bouley"]
[Black "Hupp"]
[Result "0-1"]
[WhiteElo "2116"]
[BlackElo "2124"]

1. e4 d6 2. d4 c6 3. Nf3 Nd7 4. Bc4 e5 5. Nc3 Be7 6. O-O Ngf6 7. Bg5 O-O 8. Qe2
b5 9. Bb3 a6 10. a3 Bb7 11. Bxf6 Bxf6 12. Rfd1 Qe7 13. Rd2 Rfe8 14. d5 c5 15.
Re1 Nf8 16. Nd1 Ng6 17. g3 Bc8 18. Qf1 Bg5 19. Nxg5 Qxg5 20. Ne3 Nh4 21. f4 exf4
22. Nf5 Bxf5 23. exf5 Rxe1 24. Qxe1 Nf3+ 0-1

[Event "AUTO-OPEN-3606"]
[Site "http://www.queenalice.com/game.php?id=1406820"]
[Date "2016.1.30"]
[Round "1"]
[White "Hupp"]
[Black "solzhenitsyn"]
[Result "1-0"]
[WhiteElo "2156"]
[BlackElo "2063"]

1. e4 c5 2. d3 g6 3. c3 Bg7 4. f4 e6 5. Nf3 c4 6. dxc4 Ne7 7. Be2 O-O 8. O-O
Qb6+ 9. Kh1 Nbc6 10. Bd3 e5 11. f5 gxf5 12. exf5 f6 13. Qe2 d6 14. Be3 Qc7 15.
Nh4 Nd8 16. Nd2 Nf7 17. Rad1 b6 18. Be4 Bb7 19. Qf3 Bxe4 20. Qxe4 Kh8 21. b3 Qc6
22. Qg4 Bh6 23. Rde1 Bxe3 24. Rxe3 Rg8 25. Qh5 Ng5 26. Ndf3 Nxf3 27. Rexf3 Raf8
28. Rh3 Rg5 29. Ng6+ 1-0

[Event "AUTO-OPEN-3606"]
[Site "http://www.queenalice.com/game.php?id=1406821"]
[Date "2016.1.30"]
[Round "1"]
[White "solzhenitsyn"]
[Black "Hupp"]
[Result "1-0"]
[WhiteElo "2051"]
[BlackElo "2073"]

1. d4 d6 2. e4 c6 3. Nf3 Qc7 4. Bd3 e5 5. dxe5 dxe5 6. Bg5 Nd7 7. O-O Ngf6 8.
Nc3 Be7 9. Re1 O-O 10. a3 Nc5 11. Bf1 Bg4 12. b4 Ne6 13. Bxf6 Bxf6 14. h3 Bh5
15. Be2 Rad8 16. Qc1 Bg6 17. Qe3 Nd4 18. Bd3 Rfe8 19. Ne2 c5 20. Nfxd4 cxd4 21.
Qd2 Rc8 22. Ng3 a6 23. Rac1 Qc3 24. Qxc3 Rxc3 25. Ra1 Be7 26. Nf5 Bf8 27. Nh4 b5
28. Nxg6 hxg6 29. Ra2 Rec8 30. Rb1 Rb8 31. Rab2 Rb6 32. Ra2 f6 33. g4 Kf7 34.
Kg2 Ke6 35. a4 bxa4 36. Rxa4 a5 37. Rxa5 Rxb4 38. Rxb4 Bxb4 39. Ra6+ Bd6 40. h4
Rc8 41. f3 Rc7 42. Kf2 Rb7 43. Ke2 1-0

[Event "AUTO-OPEN-3606"]
[Site "http://www.queenalice.com/game.php?id=1406822"]
[Date "2016.1.30"]
[Round "1"]
[White "Hupp"]
[Black "Bruscato"]
[Result "0-1"]
[WhiteElo "2177"]
[BlackElo "2418"]

1. e4 c5 2. d3 Nf6 3. Be2 e6 4. Nf3 d5 5. Nbd2 Nc6 6. c3 Be7 7. O-O O-O 8. Re1
Re8 9. Qc2 b6 10. Nf1 d4 11. c4 Bb7 12. a3 e5 13. Ng3 Rc8 14. Bd2 Bf8 15. Rab1
Nd7 16. b4 cxb4 17. axb4 a6 18. Nf5 Qc7 19. Qb3 Ne7 20. g4 Nxf5 21. gxf5 Bd6 22.
Kh1 Qc6 23. Rg1 b5 24. c5 Be7 25. Rg3 a5 26. Rbg1 Bf8 27. Ng5 Re7 28. Bh5 a4 29.
Bxf7+ Rxf7 30. Qxf7+ Kh8 0-1

[Event "AUTO-OPEN-3606"]
[Site "http://www.queenalice.com/game.php?id=1406823"]
[Date "2016.1.30"]
[Round "1"]
[White "Bruscato"]
[Black "Hupp"]
[Result "1-0"]
[WhiteElo "2421"]
[BlackElo "2172"]

1. e4 d6 2. d4 c6 3. c4 Qc7 4. Nc3 e5 5. dxe5 dxe5 6. Nf3 Nf6 7. Bg5 Be7 8. Be2
O-O 9. Qc2 Nbd7 10. O-O-O Nc5 11. Rd2 Bg4 12. h3 Bxf3 13. Bxf3 Ne6 14. Be3 b6
15. Rhd1 Rad8 16. Rxd8 Rxd8 17. Rxd8+ Qxd8 18. Kb1 Nd4 19. Bxd4 exd4 20. Nd1 a5
21. e5 Nd7 22. Qf5 g6 23. Qe4 c5 24. Bg4 Nf8 25. f4 h5 26. Be2 Qd7 27. g4 hxg4
28. hxg4 f5 29. Qd5+ Kg7 30. Qxd7 1-0

[Event "AUTO-MASTER-2432"]
[Site "http://www.queenalice.com/game.php?id=1410573"]
[Date "2016.2.22"]
[Round "1"]
[White "Hupp"]
[Black "Rachman"]
[Result "0-1"]
[WhiteElo "2155"]
[BlackElo "2278"]

1. e4 e6 2. d3 d5 3. Nd2 Nf6 4. c3 c5 5. Be2 Nc6 6. Ngf3 g6 7. O-O Bg7 8. Re1
O-O 9. Qc2 b6 10. Nf1 d4 11. c4 e5 12. Ng3 Bg4 13. h3 Bd7 14. a3 a5 15. b3 h6
16. Bd2 Nh7 17. Qc1 g5 18. Nh2 Ne7 19. Nh5 Bh8 20. Ng4 Bxg4 21. Bxg4 Nf6 22.
Nxf6+ Bxf6 23. g3 Bg7 24. h4 f6 25. Kg2 Qd6 26. Rh1 Ra7 27. a4 Ng6 28. Bf5 Ne7
29. g4 Nxf5 30. gxf5 Kf7 31. Qd1 Rh8 0-1

[Event "AUTO-MASTER-2432"]
[Site "http://www.queenalice.com/game.php?id=1410574"]
[Date "2016.2.22"]
[Round "1"]
[White "Rachman"]
[Black "Hupp"]
[Result "1-0"]
[WhiteElo "2187"]
[BlackElo "2161"]

1. c4 d6 2. Nc3 c6 3. g3 e5 4. Bg2 f5 5. d4 Nd7 6. Nf3 Ngf6 7. O-O Be7 8. Qc2 e4
9. Ng5 Nf8 10. f3 d5 11. cxd5 cxd5 12. Nb5 1-0

[Event "Challenge"]
[Site "http://www.queenalice.com/game.php?id=1413981"]
[Date "2016.3.18"]
[Round "-"]
[White "amaisi"]
[Black "Hupp"]
[Result "1-0"]
[WhiteElo "2252"]
[BlackElo "2012"]

1. e4 d6 2. d3 c6 3. Nf3 e5 4. g3 Nf6 5. Bg2 Be7 6. O-O O-O 7. Nc3 Nbd7 8. d4
Qc7 9. h3 Re8 10. a4 b6 11. g4 Nf8 12. Be3 Ba6 13. Re1 Ng6 14. g5 Nd7 15. Ne2
Ndf8 16. Ng3 Nf4 17. h4 Nxg2 18. Kxg2 Bb7 19. c3 Ne6 20. Nf5 Bf8 21. h5 g6 22.
Rh1 gxf5 23. exf5 Nf4+ 24. Bxf4 exf4 25. Qd2 Re4 26. Rae1 Rae8 27. Rxe4 Rxe4 28.
Qd3 Qe7 29. Rh4 Bc8 30. f6 Qe6 31. d5 1-0

[Event "AUTO-OPEN-3650"]
[Site "http://www.queenalice.com/game.php?id=1422407"]
[Date "2016.5.10"]
[Round "1"]
[White "Hupp"]
[Black "CCapivara"]
[Result "0-1"]
[WhiteElo "2147"]
[BlackElo "2129"]

1. e4 d6 2. d3 e5 3. Nf3 f5 4. Nbd2 Nf6 5. Be2 Be7 6. O-O O-O 7. c3 c6 8. Re1
Kh8 9. Qc2 fxe4 10. dxe4 Bg4 11. Nf1 Nbd7 12. Ng3 d5 0-1

[Event "AUTO-OPEN-3650"]
[Site "http://www.queenalice.com/game.php?id=1422408"]
[Date "2016.5.10"]
[Round "1"]
[White "CCapivara"]
[Black "Hupp"]
[Result "1-0"]
[WhiteElo "2142"]
[BlackElo "2134"]

1. e4 d6 2. d4 c6 3. c4 Qc7 4. Nc3 e5 5. Nge2 Nf6 6. f3 Be7 7. Be3 O-O 8. Qd2
Nbd7 9. g4 a6 10. h4 b5 11. Ng3 bxc4 12. Nf5 Re8 13. h5 1-0

[Event "AUTO-OPEN-3650"]
[Site "http://www.queenalice.com/game.php?id=1422409"]
[Date "2016.5.10"]
[Round "1"]
[White "Hupp"]
[Black "maurice91"]
[Result "0-1"]
[WhiteElo "2100"]
[BlackElo "1832"]

1. e4 c6 2. d3 g6 3. c3 e5 4. Nf3 Bg7 5. Be2 Ne7 6. Nbd2 d5 7. O-O Bg4 8. Re1
Na6 9. Qc2 O-O 10. h3 Be6 11. Nf1 Rc8 0-1

[Event "AUTO-OPEN-3650"]
[Site "http://www.queenalice.com/game.php?id=1422410"]
[Date "2016.5.10"]
[Round "1"]
[White "maurice91"]
[Black "Hupp"]
[Result "1-0"]
[WhiteElo "1803"]
[BlackElo "2122"]

1. d4 d6 2. c4 c6 3. Nc3 Qc7 4. e4 e5 5. d5 Nf6 6. Be2 Be7 7. Nf3 O-O 8. Bg5
Nbd7 9. O-O a6 10. Rc1 c5 11. a3 1-0

[Event "Jogo entre Amigos"]
[Site "http://www.queenalice.com/game.php?id=1423564"]
[Date "2016.5.18"]
[Round "-"]
[White "Newcobos"]
[Black "Hupp"]
[Result "1-0"]
[WhiteElo "2269"]
[BlackElo "2006"]

1. e4 d6 2. d4 c6 3. h3 Qc7 4. Nf3 e5 5. Bc4 Be7 6. O-O Nf6 7. Re1 O-O 8. Bg5
Nbd7 9. c3 Re8 10. Nbd2 b5 11. Bb3 a6 12. Nf1 Bb7 13. Ng3 g6 14. Bh6 c5 15. dxe5
dxe5 16. Qc1 c4 17. Bc2 Nc5 18. Qe3 Rad8 19. Rad1 Ne6 20. Kf1 Bc5 21. Qc1 Nd7
22. Bg5 Nxg5 23. Qxg5 Be7 24. Qh6 Nf8 25. h4 1-0

[Event "AUTO-OPEN-3195"]
[Site "http://www.queenalice.com/game.php?id=1429896"]
[Date "2016.7.1"]
[Round "3"]
[White "ACamargo"]
[Black "Hupp"]
[Result "1-0"]
[WhiteElo "1972"]
[BlackElo "2030"]

1. d4 d6 2. c4 c6 3. Nc3 Qc7 4. e3 e5 5. d5 f5 6. e4 Nf6 7. Bd3 fxe4 8. Nxe4
Nbd7 9. Bg5 Be7 10. Bxf6 Nxf6 11. Nxf6+ Bxf6 12. Qc2 cxd5 13. Bxh7 Qxc4 14. Bg6+
Ke7 15. Rc1 Be6 16. Qd2 Qg4 17. Rc7+ 1-0

[Event "AUTO-OPEN-3195"]
[Site "http://www.queenalice.com/game.php?id=1429897"]
[Date "2016.7.1"]
[Round "3"]
[White "Hupp"]
[Black "ACamargo"]
[Result "0-1"]
[WhiteElo "2050"]
[BlackElo "1952"]

1. e4 e5 2. Nf3 d6 3. Be2 Nf6 4. d3 h6 5. Nbd2 Be7 6. c3 c5 7. Nf1 O-O 8. Ng3
Nh7 9. O-O Nc6 10. Nf5 Bxf5 11. exf5 Bf6 12. a3 a5 13. Be3 b6 14. c4 Ng5 15.
Nxg5 Bxg5 16. Bf3 Rc8 17. Be4 Bf6 18. Qf3 Na7 0-1

[Event "AUTO-OPEN-3195"]
[Site "http://www.queenalice.com/game.php?id=1429900"]
[Date "2016.7.1"]
[Round "3"]
[White "Hupp"]
[Black "bouley"]
[Result "0-1"]
[WhiteElo "2066"]
[BlackElo "2071"]

1. e4 Nc6 2. d3 e5 3. Nf3 d6 4. Be2 Nf6 5. c3 Be7 6. O-O O-O 7. Nbd2 Bg4 8. Qc2
d5 9. Re1 Qd7 10. Nf1 Bxf3 11. Bxf3 dxe4 12. dxe4 Rfd8 13. Ng3 Bc5 14. Bg5 Qe6
15. Rad1 Rxd1 16. Rxd1 Rd8 17. b3 a6 18. h3 Rxd1+ 19. Qxd1 h6 20. Bc1 Ne8 0-1

[Event "AUTO-OPEN-3195"]
[Site "http://www.queenalice.com/game.php?id=1429901"]
[Date "2016.7.1"]
[Round "3"]
[White "bouley"]
[Black "Hupp"]
[Result "1-0"]
[WhiteElo "2054"]
[BlackElo "2083"]

1. e4 d6 2. d4 c6 3. Nf3 Nd7 4. c4 e5 5. dxe5 dxe5 6. Nc3 Ngf6 7. Bg5 Be7 8. Be2
Qc7 9. O-O O-O 10. Qc2 Re8 11. Rfd1 Nf8 12. h3 Ng6 13. a4 h6 14. Bxf6 Bxf6 15.
a5 Be7 16. Qa4 Be6 17. b3 Nf4 18. Bf1 Rad8 19. Rxd8 Rxd8 20. b4 Nd3 21. c5 Nf4
22. Qc2 1-0

[Event "AUTO-OPEN-3562"]
[Site "http://www.queenalice.com/game.php?id=1430561"]
[Date "2016.7.6"]
[Round "2"]
[White "Hupp"]
[Black "vivafischer"]
[Result "0-1"]
[WhiteElo "2101"]
[BlackElo "2266"]

1. e4 e6 2. d3 d5 3. Nd2 Nf6 4. c3 c5 5. Ngf3 Nc6 6. Qc2 Bd6 7. Be2 O-O 8. O-O
b6 9. Re1 Bb7 10. Nf1 Rc8 11. Bg5 Be7 12. Rad1 Qc7 13. Bh4 d4 0-1

[Event "AUTO-OPEN-3562"]
[Site "http://www.queenalice.com/game.php?id=1430562"]
[Date "2016.7.6"]
[Round "2"]
[White "vivafischer"]
[Black "Hupp"]
[Result "1-0"]
[WhiteElo "2273"]
[BlackElo "2092"]

1. d4 d6 2. c4 c6 3. Nf3 Qc7 4. g3 e5 5. Bg2 Nf6 6. Nc3 Be7 7. O-O O-O 8. Qd3
Nbd7 9. b3 Re8 10. Bb2 b6 11. Rac1 Bb7 12. d5 c5 13. h4 a6 14. Ng5 1-0